[Event "Canadian zt"]
[Site "Toronto"]
[Date "2024.03.31"]
[Round "7"]
[White "Yuen, Noah Nathaniel"]
[Black "Wiebe, Isaac"]
[Result "0-1"]
[WhiteElo "1914"]
[BlackElo "1981"]
[PlyCount "60"]
[EventDate "2024.03.27"]
[EventType "team-swiss"]
[EventRounds "10"]
[EventCountry "CAN"]
[SourceTitle "CB15_2024"]
[SourceDate "2024.04.10"]
[SourceVersion "1"]
[SourceVersionDate "2024.04.10"]
[SourceQuality "1"]

1. d4 d5 2. c4 dxc4 3. Nf3 a6 4. e3 Bg4 5. Bxc4 e6 6. 0-0 Nc6 7. Nc3 Nf6 8. h3 Bh5 9. Qe2 Bd6 10. Rd1 0-0 11. g4 Nxg4 12. hxg4 Bxg4 13. Ne4 f5 14. Bxe6+ Kh8 15. Ned2 Qe8 16. Qc4 Qh5 17. Kf1 Bxf3 18. Nxf3 Qxf3 19. Ke1 Ne7 20. Bd2 Rf6 21. Bc3 b5 22. Qb3 b4 23. Bxb4 Bxb4+ 24. Qxb4 Rxe6 25. Rac1 f4 26. Kd2 Qxf2+ 27. Kd3 Rxe3+ 28. Kc4 Qe2+ 29. Kc5 Rd8 30. d5 Re5 0-1

[Event "Canadian zt"]
[Site "Toronto"]
[Date "2024.03.30"]
[Round "6"]
[White "Wiebe, Isaac"]
[Black "Liu, Zachary Hankun"]
[Result "1-0"]
[WhiteElo "1981"]
[BlackElo "1910"]
[PlyCount "57"]
[EventDate "2024.03.27"]
[EventType "team-swiss"]
[EventRounds "10"]
[EventCountry "CAN"]
[SourceTitle "CB15_2024"]
[SourceDate "2024.04.10"]
[SourceVersion "1"]
[SourceVersionDate "2024.04.10"]
[SourceQuality "1"]

1. Nf3 d5 2. e3 Nf6 3. c4 c6 4. Nc3 e6 5. b3 Bd6 6. Bb2 0-0 7. Be2 Nbd7 8. Qc2 Qe7 9. Rg1 b6 10. g4 Bb7 11. g5 Ne8 12. h4 e5 13. h5 g6 14. 0-0-0 Ng7 15. Nh4 Rfe8 16. Bg4 Nf8 17. hxg6 fxg6 18. Ne2 Bc8 19. f4 exf4 20. Nxf4 Bxg4 21. Rxg4 Qd7 22. Rdg1 Bxf4 23. Rxf4 Nfe6 24. Rf6 dxc4 25. Nxg6 hxg6 26. Qxg6 Rad8 27. Bc3 Re7 28. Rh1 Qd5 29. Qh7# 1-0

[Event "Titled Tuesday intern op 27th Feb Late"]
[Site "Chess.com INT"]
[Date "2024.02.27"]
[Round "4"]
[White "Ferreira Junior, Luiz Carlos A"]
[Black "Wiebe, Isaac"]
[Result "0-1"]
[WhiteElo "2052"]
[BlackElo "1971"]
[PlyCount "52"]
[EventDate "2024.02.27"]
[EventType "swiss (blitz)"]
[EventRounds "11"]
[EventCountry "USA"]
[SourceTitle "CB10_2024"]
[SourceDate "2024.03.06"]
[SourceVersion "1"]
[SourceVersionDate "2024.03.06"]
[SourceQuality "1"]

1. d4 e6 2. Nf3 f5 3. c4 Nf6 4. Nc3 Bb4 5. Bd2 Bxc3 6. Bxc3 Ne4 7. Qc2 d6 8. e3 0-0 9. Bd3 Nxc3 10. Qxc3 Nd7 11. 0-0 Nf6 12. Qc2 Bd7 13. b4 Bc6 14. Be2 Qe8 15. b5 Be4 16. Qb2 Qg6 17. c5 Nd5 18. g3 f4 19. Nh4 Qg5 20. Bf3 fxg3 21. fxg3 Qxe3+ 22. Qf2 Qxf2+ 23. Rxf2 Bxf3 24. Rxf3 g5 25. Rxf8+ Rxf8 26. Ng2 Nc3 0-1

[Event "Foxwoods op 15th"]
[Site "Ledyard"]
[Date "2023.04.08"]
[Round "6"]
[White "Caglar, Sila"]
[Black "Wiebe, Isaac"]
[Result "0-1"]
[WhiteElo "2264"]
[BlackElo "2006"]
[PlyCount "107"]
[EventDate "2023.04.05"]
[EventType "swiss"]
[EventRounds "9"]
[EventCountry "USA"]
[SourceTitle "CBM 213 Extra"]
[Source "ChessBase"]
[SourceDate "2023.05.31"]
[SourceVersion "1"]
[SourceVersionDate "2023.05.31"]
[SourceQuality "1"]

1. e4 e5 2. Nf3 Nc6 3. d4 exd4 4. Nxd4 Nf6 5. Nxc6 bxc6 6. e5 Qe7 7. Qe2 Nd5 8. h4 d6 9. c4 Nb6 10. exd6 cxd6 11. Nc3 Be6 12. b3 d5 13. cxd5 Nxd5 14. Nxd5 Bxd5 15. Rh3 Qxe2+ 16. Bxe2 Bb4+ 17. Kf1 0-0 18. Bb2 Bd6 19. Rd1 Rad8 20. h5 h6 21. Bf3 Be6 22. Rh4 Be7 23. Rxd8 Rxd8 24. Ra4 Bc5 25. Bc3 Bd5 26. Be2 Be6 27. g4 Bb6 28. f4 Bd5 29. g5 Re8 30. gxh6 Bg2+ 31. Kxg2 Rxe2+ 32. Kf1 Rf2+ 33. Ke1 gxh6 34. Re4 f5 35. Re6 Rxf4 36. Rg6+ Kf7 37. Rxh6 Re4+ 38. Kd1 Bd4 39. Rxc6 Bxc3 40. Rxc3 Rh4 41. Rc7+ Kf6 42. Rxa7 Rxh5 43. b4 Ke5 44. b5 f4 45. b6 Kd6 46. a4 Re5 47. Ra8 Kc6 48. a5 f3 49. Rc8+ Kb7 50. Rc7+ Kb8 51. a6 Ra5 52. a7+ Ka8 53. Rc8+ Kb7 54. Rb8+ 0-1

[Event "Foxwoods op 15th"]
[Site "Ledyard"]
[Date "2023.04.05"]
[Round "1"]
[White "Druska, Juraj"]
[Black "Wiebe, Isaac"]
[Result "1/2-1/2"]
[WhiteElo "2496"]
[BlackElo "2006"]
[PlyCount "225"]
[EventDate "2023.04.05"]
[EventType "swiss"]
[EventRounds "9"]
[EventCountry "USA"]
[SourceTitle "CBM 213 Extra"]
[Source "ChessBase"]
[SourceDate "2023.05.31"]
[SourceVersion "1"]
[SourceVersionDate "2023.05.31"]
[SourceQuality "1"]

1. c4 e5 2. g3 Nf6 3. Bg2 d5 4. cxd5 Nxd5 5. Nf3 Nc6 6. 0-0 Be7 7. Nc3 Nb6 8. Rb1 a5 9. d3 0-0 10. Be3 Be6 11. a3 Nd5 12. Nxd5 Bxd5 13. Qa4 Bf6 14. Rfc1 Re8 15. Rc5 Nd4 16. Bxd4 exd4 17. Re1 Bxf3 18. Bxf3 c6 19. Rb1 Qb6 20. Qc2 Re5 21. Rxe5 Bxe5 22. b4 axb4 23. axb4 Qb5 24. h4 Ra4 25. h5 g6 26. Qd2 Bd6 27. hxg6 hxg6 28. Kg2 Rxb4 29. Rh1 Qe5 30. Qa2 Qe8 31. Rh4 Kg7 32. Qa5 Rb5 33. Qa1 Be5 34. Qa7 Bf6 35. Re4 Qd8 36. Rf4 Rb1 37. Qa2 Rb5 38. Qa1 Be5 39. Rh4 Bf6 40. Rh1 Qd6 41. Qg1 Kg8 42. Qh2 Ra5 43. Qh7+ Kf8 44. Rb1 Qd7 45. Qh6+ Bg7 46. Qd2 Re5 47. Qb4+ Re7 48. Ra1 Kg8 49. Ra8+ Re8 50. Rxe8+ Qxe8 51. Qxb7 c5 52. Bd5 Bf8 53. Bb3 Qe7 54. Qd5 Kg7 55. Kf1 Qc7 56. Ke1 Qa5+ 57. Kf1 Qc7 58. f4 Qe7 59. Ke1 Qc7 60. Kd1 Qe7 61. g4 Qf6 62. f5 gxf5 63. gxf5 Be7 64. Bc4 Kf8 65. Qh1 Kg7 66. Qh5 Kf8 67. Kc2 Kg7 68. Bb3 Kf8 69. Qf3 Qe5 70. Bd5 Qf6 71. Bc4 Qe5 72. Qh5 Qf6 73. Qh1 Kg7 74. Qg2+ Kf8 75. Qd5 Kg7 76. Qd7 Qe5 77. Kd1 Qf6 78. Qd5 Kf8 79. Kc2 Kg7 80. Kb3 Qb6+ 81. Kc2 Qf6 82. Qb7 Qe5 83. Qg2+ Kf8 84. Qg4 Qf6 85. Qh5 Kg7 86. Qg4+ Kf8 87. Qh3 Kg7 88. Qh5 Kf8 89. Qh7 Bd6 90. Kb3 Be7 91. Bd5 Qb6+ 92. Kc2 Qf6 93. Qh5 Kg7 94. Qg4+ Kf8 95. Qe4 Kg7 96. Bb3 Kf8 97. Qd5 Kg7 98. Bc4 Kf8 99. Kd1 Kg7 100. Qb7 Kf8 101. Qc8+ Kg7 102. Qe8 Bd6 103. Qd7 Be7 104. Bb3 Kf8 105. Bd5 Kg7 106. Kc2 Qe5 107. Be4 Qf6 108. Qb7 Kf8 109. Kb3 Kg7 110. Kc4 Kf8 111. Kb5 Qe5 112. Ka6 Qd6+ 113. Ka7 1/2-1/2

[Event "Ottawa EOCA op"]
[Site "Ottawa"]
[Date "2023.03.04"]
[Round "4"]
[White "Liang, Jason"]
[Black "Wiebe, Isaac"]
[Result "1/2-1/2"]
[WhiteElo "2613"]
[BlackElo "2171"]
[PlyCount "93"]
[EventDate "2023.03.03"]
[EventType "swiss"]
[EventRounds "5"]
[EventCountry "CAN"]
[SourceTitle "CBM 213 Extra"]
[Source "ChessBase"]
[SourceDate "2023.05.31"]
[SourceVersion "1"]
[SourceVersionDate "2023.05.31"]
[SourceQuality "1"]

1. e4 e5 2. Nf3 Nc6 3. Bc4 Bc5 4. c3 Nf6 5. d3 0-0 6. 0-0 d5 7. exd5 Nxd5 8. Re1 Bg4 9. Nbd2 Nb6 10. h3 Bh5 11. Bb3 Qxd3 12. Nxe5 Qf5 13. Nef3 Bg6 14. Qe2 Qd3 15. Qxd3 Bxd3 16. Ne4 Be7 17. Bf4 Rac8 18. Bg5 Bxe4 19. Bxe7 Nxe7 20. Rxe4 Nc6 21. Rae1 Na5 22. Bc2 Nac4 23. Rh4 h6 24. b3 Nd6 25. c4 Nd7 26. b4 Rfe8 27. Rd1 Ne5 28. Nxe5 Rxe5 29. c5 Nb5 30. Bb3 Rce8 31. Rd3 c6 32. Rf4 R5e7 33. Rg3 Kf8 34. h4 Rd8 35. Re3 f6 36. Rxe7 Kxe7 37. Re4+ Kf8 38. f3 Rd2 39. Bc4 Nc3 40. Re3 Nd5 41. Bxd5 Rxd5 42. Kf2 Rd2+ 43. Re2 Rd4 44. Re4 Rd2+ 45. Re2 Rd4 46. Re4 Rd2+ 47. Re2 1/2-1/2

[Event "Titled Tuesday intern op 22nd June"]
[Site "Chess.com INT"]
[Date "2021.06.22"]
[Round "3"]
[White "Wiebe, Isaac"]
[Black "Mazur, Stefan"]
[Result "0-1"]
[WhiteElo "1997"]
[BlackElo "2416"]
[PlyCount "110"]
[EventDate "2021.06.22"]
[EventType "swiss (blitz)"]
[EventRounds "11"]
[EventCountry "USA"]
[SourceTitle "CBM 203 Extra"]
[Source "ChessBase"]
[SourceDate "2021.09.30"]
[SourceVersion "1"]
[SourceVersionDate "2021.09.30"]
[SourceQuality "1"]

1. d4 d5 2. c4 e5 3. dxe5 Ne7 4. cxd5 Qxd5 5. Qxd5 Nxd5 6. a3 Nc6 7. Nf3 h6 8. e4 Nb6 9. Nc3 Bd7 10. Be3 0-0-0 11. Be2 g5 12. Rc1 Bg7 13. 0-0 Rhe8 14. Nd5 Nxd5 15. exd5 Nxe5 16. Nxe5 Bxe5 17. b3 Kb8 18. Rc2 Bf5 19. Rc4 Rxd5 20. Bf3 Rd6 21. Rfc1 Red8 22. Rxc7 Rd1+ 23. Rxd1 Rxd1+ 24. Bxd1 Kxc7 25. b4 b5 26. Bxa7 Bb2 27. Bc5 Bxa3 28. Be2 Kc6 29. Bf3+ Kd7 30. Be2 Kc6 31. Bf3+ Kc7 32. Be2 Bd7 33. Bd3 Bc6 34. Kf1 Kd7 35. f3 Ke6 36. Ke2 f5 37. Ke3 Bc1+ 38. Ke2 Bf4 39. g3 Be5 40. Bc2 h5 41. Bb3+ Kf6 42. Bc2 h4 43. Kf2 h3 44. Bd3 g4 45. fxg4 fxg4 46. Be3 Bc3 47. Bc5 Ke5 48. Ke3 Bf3 49. Bxb5 Kd5 50. Be2 Bxe2 51. Kxe2 Be5 52. Ke3 Bxg3 53. b5 Bxh2 54. b6 Kxc5 55. b7 Bb8 0-1

[Event "Titled Tuesday intern op 01st June"]
[Site "Chess.com INT"]
[Date "2021.06.01"]
[Round "2"]
[White "Wiebe, Isaac"]
[Black "Garcia, Gabriel Gonzaga"]
[Result "1/2-1/2"]
[WhiteElo "1997"]
[BlackElo "2127"]
[PlyCount "116"]
[EventDate "2021.06.01"]
[EventType "swiss (blitz)"]
[EventRounds "11"]
[EventCountry "USA"]
[SourceTitle "CBM 202 Extra"]
[Source "ChessBase"]
[SourceDate "2021.07.31"]
[SourceVersion "1"]
[SourceVersionDate "2021.07.31"]
[SourceQuality "1"]

1. Nf3 Nf6 2. b3 g6 3. Bb2 Bg7 4. g3 b6 5. Bg2 Bb7 6. 0-0 0-0 7. c4 d5 8. cxd5 Nxd5 9. Bxg7 Kxg7 10. Qc1 c5 11. Nc3 e6 12. Nxd5 exd5 13. d4 Nd7 14. dxc5 bxc5 15. Rd1 Re8 16. Qb2+ Qf6 17. Qxf6+ Kxf6 18. e3 Nb6 19. Rac1 Rac8 20. Ne1 Ba6 21. Bxd5 Nxd5 22. Rxd5 c4 23. bxc4 Bxc4 24. Ra5 a6 25. Nf3 Be2 26. Rxc8 Rxc8 27. Kg2 Rc1 28. Nd4 Bc4 29. h4 h5 30. Kf3 Ke7 31. Nc6+ Kd6 32. Nb4 Kc7 33. a3 Kb6 34. Rg5 Rc3 35. Nd5+ Bxd5+ 36. Rxd5 Rxa3 37. Rd7 Rc3 38. Rxf7 a5 39. Rf8 a4 40. Ra8 a3 41. Kf4 Rc4+ 42. e4 Rc3 43. f3 Kb5 44. Rb8+ Ka4 45. Ra8+ Kb3 46. g4 hxg4 47. fxg4 a2 48. Kg5 Rc4 49. Rxa2 Kxa2 50. Kxg6 Rxe4 51. Kf5 Re2 52. g5 Rf2+ 53. Kg6 Kb3 54. h5 Kc4 55. h6 Kd5 56. h7 Rh2 57. Kg7 Ke6 58. g6 Kf5 1/2-1/2

[Event "Titled Tuesday intern op 01st June"]
[Site "Chess.com INT"]
[Date "2021.06.01"]
[Round "3"]
[White "Yirik, Volkan"]
[Black "Wiebe, Isaac"]
[Result "1-0"]
[WhiteElo "1957"]
[BlackElo "1997"]
[PlyCount "55"]
[EventDate "2021.06.01"]
[EventType "swiss (blitz)"]
[EventRounds "11"]
[EventCountry "USA"]
[SourceTitle "CBM 202 Extra"]
[Source "ChessBase"]
[SourceDate "2021.07.31"]
[SourceVersion "1"]
[SourceVersionDate "2021.07.31"]
[SourceQuality "1"]

1. e4 g6 2. Nc3 Bg7 3. f4 c6 4. Nf3 d5 5. d4 dxe4 6. Nxe4 Bg4 7. c3 Nd7 8. Bc4 Ngf6 9. Neg5 0-0 10. h3 Bxf3 11. Qxf3 e6 12. 0-0 Nb6 13. Bd3 h6 14. Ne4 Nxe4 15. Bxe4 f5 16. Bc2 Kh7 17. Bd2 Nc4 18. Bc1 Nd6 19. Bd2 Nc4 20. Bc1 Nd6 21. Bb3 Re8 22. Be3 Rc8 23. Rae1 Ne4 24. Bc2 Nd6 25. Bf2 Nc4 26. Qe2 Nxb2 27. Rb1 Nc4 28. Qxc4 1-0

[Event "Titled Tuesday intern op 16th Mar"]
[Site "Chess.com INT"]
[Date "2021.03.16"]
[Round "9"]
[White "Pischal, Yulia"]
[Black "Wiebe, Isaac"]
[Result "1/2-1/2"]
[WhiteElo "1963"]
[BlackElo "1997"]
[PlyCount "116"]
[EventDate "2021.03.16"]
[EventType "swiss (blitz)"]
[EventRounds "11"]
[EventCountry "USA"]
[SourceTitle "CBM 201 Extra"]
[Source "ChessBase"]
[SourceDate "2021.05.31"]
[SourceVersion "1"]
[SourceVersionDate "2021.05.31"]
[SourceQuality "1"]

1. e4 c5 2. d3 Nc6 3. Nc3 g6 4. g3 Bg7 5. Bg2 e6 6. f4 Nge7 7. Nf3 0-0 8. 0-0 d5 9. e5 Rb8 10. Ne2 b5 11. c3 b4 12. d4 Ba6 13. Be3 bxc3 14. bxc3 Nf5 15. Bf2 Qa5 16. g4 Nfe7 17. dxc5 Bxe2 18. Qxe2 Qxc3 19. Rac1 Rb2 20. Rxc3 Rxe2 21. Ra3 Rb8 22. Nd4 Nxd4 23. Bxd4 Nc6 24. Ba1 Rc2 25. Ra6 Rxc5 26. f5 gxf5 27. gxf5 exf5 28. Rd1 Nxe5 29. Rxa7 Rbc8 30. Bxe5 Bxe5 31. Bxd5 R5c7 32. Rxc7 Rxc7 33. Rd2 Kg7 34. Kg2 Kf6 35. Bb3 Bc3 36. Re2 f4 37. Kf3 Be5 38. Rc2 Rxc2 39. Bxc2 Bb8 40. Bxh7 Ke5 41. Bc2 Kf6 42. Bb3 Kg6 43. h3 f5 44. Be6 Kg5 45. Bc8 Kf6 46. a4 Kg5 47. a5 Ba7 48. a6 Bb8 49. Bd7 Ba7 50. h4+ Kxh4 51. Kxf4 Kh5 52. Kxf5 Kh6 53. Ke6 Kg7 54. Kd6 Kf8 55. Kc7 Ke7 56. Kb7 Bg1 57. Bg4 Be3 58. a7 Bxa7 1/2-1/2

[Event "Titled Tuesday intern op 16th Mar"]
[Site "Chess.com INT"]
[Date "2021.03.16"]
[Round "2"]
[White "Wiebe, Isaac"]
[Black "Mustafayev, Farid Farman Oglu"]
[Result "1-0"]
[WhiteElo "1997"]
[BlackElo "2334"]
[PlyCount "119"]
[EventDate "2021.03.16"]
[EventType "swiss (blitz)"]
[EventRounds "11"]
[EventCountry "USA"]
[SourceTitle "CBM 201 Extra"]
[Source "ChessBase"]
[SourceDate "2021.05.31"]
[SourceVersion "1"]
[SourceVersionDate "2021.05.31"]
[SourceQuality "1"]

1. d4 Nf6 2. c4 e6 3. Nf3 d5 4. Nc3 Bb4 5. Bg5 h6 6. Bh4 Nbd7 7. e3 0-0 8. cxd5 exd5 9. Bd3 c6 10. 0-0 Qc7 11. Rc1 Bxc3 12. Rxc3 Ne4 13. Bxe4 dxe4 14. Nd2 Re8 15. d5 Nb6 16. dxc6 bxc6 17. Qc2 Bd7 18. Nxe4 Bf5 19. Nf6+ gxf6 20. Qxf5 Qe5 21. Qxf6 Qxf6 22. Bxf6 Rac8 23. Bd4 Nd5 24. Rc5 Re6 25. Rfc1 Nb4 26. Ra5 Nd3 27. Rd1 c5 28. Bc3 c4 29. g3 a6 30. Kg2 Rb6 31. b3 cxb3 32. Rxd3 b2 33. Bxb2 Rxb2 34. Rxa6 Kg7 35. Ra4 f5 36. Rf4 Rc5 37. Rd7+ Kf6 38. Rd6+ Kg7 39. a4 Ra2 40. h4 Ra5 41. h5 R2xa4 42. Rg6+ Kh7 43. Rxa4 Rxa4 44. Rf6 Ra5 45. Kf3 Kg7 46. Rg6+ Kh7 47. Kf4 Ra2 48. f3 Ra5 49. Rf6 Kg7 50. Rxf5 Ra4+ 51. e4 Ra3 52. Rb5 Rc3 53. g4 Rd3 54. Rb7+ Kg8 55. Rb6 Kg7 56. Rg6+ Kh7 57. Ra6 Kg7 58. e5 Rc3 59. Ke4 Rb3 60. f4 1-0

[Event "Titled Tuesday intern op 16th Mar"]
[Site "Chess.com INT"]
[Date "2021.03.16"]
[Round "1"]
[White "Zarubitski, Viachaslau"]
[Black "Wiebe, Isaac"]
[Result "1-0"]
[WhiteElo "2446"]
[BlackElo "1997"]
[PlyCount "89"]
[EventDate "2021.03.16"]
[EventType "swiss (blitz)"]
[EventRounds "11"]
[EventCountry "USA"]
[SourceTitle "CBM 201 Extra"]
[Source "ChessBase"]
[SourceDate "2021.05.31"]
[SourceVersion "1"]
[SourceVersionDate "2021.05.31"]
[SourceQuality "1"]

1. a3 g6 2. g3 Bg7 3. Bg2 Nf6 4. e4 0-0 5. d4 d6 6. Ne2 e5 7. 0-0 Nc6 8. b4 exd4 9. Bb2 Re8 10. b5 Ne5 11. Bxd4 Bg4 12. f3 Bd7 13. Nbc3 Nc4 14. a4 Nh5 15. Bxg7 Nxg7 16. Qd4 Ne5 17. f4 Ne6 18. Qb4 Ng4 19. Nd5 c6 20. h3 cxd5 21. hxg4 dxe4 22. Qxd6 Rc8 23. Rad1 Rxc2 24. Rfe1 Nf8 25. Nd4 Rc8 26. g5 Bg4 27. Ne2 Bxe2 28. Rxe2 Rc1 29. Qxd8 Rxd8 30. Rxc1 Ne6 31. Rxe4 b6 32. Rec4 Nc5 33. Rxc5 bxc5 34. Rxc5 Rd4 35. a5 Ra4 36. b6 axb6 37. axb6 Rb4 38. b7 Kg7 39. Rc8 Rb1+ 40. Kh2 h6 41. b8Q Rxb8 42. Rxb8 hxg5 43. fxg5 f6 44. Rb7+ Kg8 45. gxf6 1-0

[Event "Titled Tuesday intern op 09th Mar"]
[Site "Chess.com INT"]
[Date "2021.03.09"]
[Round "1"]
[White "Wiebe, Isaac"]
[Black "David, Alexandru Vasile"]
[Result "0-1"]
[WhiteElo "1997"]
[BlackElo "2428"]
[PlyCount "32"]
[EventDate "2021.03.09"]
[EventType "swiss (blitz)"]
[EventRounds "11"]
[EventCountry "USA"]
[SourceTitle "CBM 201 Extra"]
[Source "ChessBase"]
[SourceDate "2021.05.31"]
[SourceVersion "1"]
[SourceVersionDate "2021.05.31"]
[SourceQuality "1"]

1. d4 Nf6 2. c4 g6 3. Nc3 Bg7 4. Nf3 0-0 5. e4 d6 6. Be2 e5 7. h3 exd4 8. Nxd4 Re8 9. Qc2 Nxe4 10. Nxe4 Bxd4 11. 0-0 Bf5 12. Bd3 Bxe4 13. Bxe4 Nc6 14. Bxc6 bxc6 15. Bd2 Qf6 16. Rab1 Re2 0-1

[Event "Titled Tuesday intern op 09th Mar"]
[Site "Chess.com INT"]
[Date "2021.03.09"]
[Round "4"]
[White "Wiebe, Isaac"]
[Black "Isajevsky, Anton"]
[Result "0-1"]
[WhiteElo "1997"]
[BlackElo "2403"]
[PlyCount "66"]
[EventDate "2021.03.09"]
[EventType "swiss (blitz)"]
[EventRounds "11"]
[EventCountry "USA"]
[SourceTitle "CBM 201 Extra"]
[Source "ChessBase"]
[SourceDate "2021.05.31"]
[SourceVersion "1"]
[SourceVersionDate "2021.05.31"]
[SourceQuality "1"]

1. e4 c5 2. Nc3 d6 3. g3 g6 4. Bg2 Bg7 5. Nge2 Nc6 6. 0-0 e6 7. d3 Nge7 8. Be3 Nd4 9. Qd2 0-0 10. Nd1 Rb8 11. c3 Nxe2+ 12. Qxe2 b5 13. f4 Qc7 14. Nf2 b4 15. d4 bxc3 16. bxc3 Bd7 17. Rfd1 Bb5 18. Qd2 cxd4 19. cxd4 d5 20. e5 Nf5 21. g4 Nxe3 22. Qxe3 f6 23. exf6 Rxf6 24. g5 Rxf4 25. Qxe6+ Kh8 26. Qxd5 Rxf2 27. Kxf2 Qxh2 28. Rh1 Rf8+ 29. Ke3 Qg3+ 30. Bf3 Rxf3+ 31. Qxf3 Bxd4+ 32. Ke4 Bc6+ 33. Kxd4 Bxf3 0-1

[Event "Titled Tuesday intern op 23rd Feb"]
[Site "Chess.com INT"]
[Date "2021.02.23"]
[Round "3"]
[White "Wiebe, Isaac"]
[Black "Spata, German"]
[Result "1-0"]
[WhiteElo "1997"]
[BlackElo "2257"]
[PlyCount "71"]
[EventDate "2021.02.23"]
[EventType "swiss (blitz)"]
[EventRounds "11"]
[EventCountry "USA"]
[SourceTitle "CBM 200 Extra"]
[Source "ChessBase"]
[SourceDate "2021.03.31"]
[SourceVersion "1"]
[SourceVersionDate "2021.03.31"]
[SourceQuality "1"]

1. e4 e6 2. d4 d5 3. Nc3 Bb4 4. e5 c5 5. a3 Bxc3+ 6. bxc3 Ne7 7. Qg4 cxd4 8. Qxg7 Rg8 9. Qxh7 Qc7 10. Ne2 dxc3 11. f4 Nbc6 12. h4 Bd7 13. h5 0-0-0 14. Qd3 d4 15. h6 Nf5 16. h7 Rh8 17. g4 Ne3 18. Bxe3 dxe3 19. Qxc3 Kb8 20. 0-0-0 Rc8 21. Bg2 Ne7 22. Qxc7+ Rxc7 23. Nd4 Ng6 24. Be4 Nxf4 25. Rdf1 Rc4 26. Rxf4 Rxd4 27. Rxf7 Rxe4 28. Rxd7 Rxg4 29. Re7 Rg6 30. Kd1 a6 31. Ke2 Ka7 32. Kxe3 Rg2 33. Rb1 Rb8 34. Rexb7+ Rxb7 35. Rxb7+ Kxb7 36. h8Q 1-0

[Event "Titled Tuesday intern op 23rd Feb"]
[Site "Chess.com INT"]
[Date "2021.02.23"]
[Round "2"]
[White "Wiebe, Isaac"]
[Black "Vovk, Orest"]
[Result "0-1"]
[WhiteElo "1997"]
[BlackElo "2315"]
[PlyCount "58"]
[EventDate "2021.02.23"]
[EventType "swiss (blitz)"]
[EventRounds "11"]
[EventCountry "USA"]
[SourceTitle "CBM 200 Extra"]
[Source "ChessBase"]
[SourceDate "2021.03.31"]
[SourceVersion "1"]
[SourceVersionDate "2021.03.31"]
[SourceQuality "1"]

1. e4 Nc6 2. Nf3 d5 3. exd5 Qxd5 4. Nc3 Qa5 5. Bb5 Bd7 6. d3 a6 7. Ba4 Qh5 8. 0-0 b5 9. Bb3 Nf6 10. Bf4 Bg4 11. Bxc7 Nd4 12. Nxd4 Bxd1 13. Raxd1 Qc5 14. Rfe1 Qxc7 15. Nf5 e6 16. d4 g6 17. d5 gxf5 18. dxe6 fxe6 19. Rxe6+ Be7 20. Rde1 Kf8 21. Rxe7 Qxe7 22. Rxe7 Kxe7 23. f3 Rac8 24. Kf2 Rxc3 25. bxc3 Rc8 26. a4 Rxc3 27. axb5 axb5 28. Ke2 b4 29. Kd2 f4 0-1

[Event "Titled Tuesday intern op 16th Feb"]
[Site "Chess.com INT"]
[Date "2021.02.16"]
[Round "2"]
[White "Lysiak, Magdalena"]
[Black "Wiebe, Isaac"]
[Result "1-0"]
[WhiteElo "2126"]
[BlackElo "1997"]
[PlyCount "107"]
[EventDate "2021.02.16"]
[EventType "swiss (blitz)"]
[EventRounds "11"]
[EventCountry "USA"]
[SourceTitle "EXT 2022"]
[Source "ChessBase"]
[SourceDate "2021.10.06"]
[SourceVersion "1"]
[SourceVersionDate "2021.10.06"]
[SourceQuality "1"]

1. e4 e6 2. d4 d5 3. Bd3 dxe4 4. Bxe4 Nf6 5. Bf3 c5 6. Ne2 Nc6 7. Be3 cxd4 8. Nxd4 Ne5 9. Be2 a6 10. Nc3 Bb4 11. 0-0 0-0 12. Nf3 Qxd1 13. Rfxd1 Nxf3+ 14. Bxf3 Bxc3 15. bxc3 e5 16. Bg5 e4 17. Bxf6 exf3 18. Be7 Re8 19. gxf3 Bf5 20. Bg5 Rac8 21. Re1 f6 22. Bd2 Bxc2 23. Rxe8+ Rxe8 24. Be3 Ba4 25. Bd4 Bc6 26. Kg2 Re2 27. Kg3 Kf7 28. a3 Ke6 29. Rd1 Ra2 30. Bc5 Rc2 31. Rd6+ Kf7 32. Bb4 Re2 33. f4 Re6 34. Rd8 Re1 35. f5 Re8 36. Rd4 Re5 37. Kf4 Re2 38. f3 Rxh2 39. Rd8 g5+ 40. fxg6+ hxg6 41. Rf8+ Kg7 42. Re8 Rh4+ 43. Kg3 g5 44. Re7+ Kg6 45. Bd6 Rc4 46. Re3 Rh4 47. Be7 Kf7 48. Bd8 Rc4 49. Re7+ Kg6 50. Re6 Rf4 51. Bc7 Rxf3+ 52. Kh2 Rxc3 53. Bd6 Rf3 54. Re7 1-0

[Event "Titled Tuesday intern op 16th Feb"]
[Site "Chess.com INT"]
[Date "2021.02.16"]
[Round "4"]
[White "Wiebe, Isaac"]
[Black "Bouget, Alexandre"]
[Result "0-1"]
[WhiteElo "1997"]
[BlackElo "2247"]
[PlyCount "36"]
[EventDate "2021.02.16"]
[EventType "swiss (blitz)"]
[EventRounds "11"]
[EventCountry "USA"]
[SourceTitle "EXT 2022"]
[Source "ChessBase"]
[SourceDate "2021.10.06"]
[SourceVersion "1"]
[SourceVersionDate "2021.10.06"]
[SourceQuality "1"]

1. a3 e5 2. c4 Nf6 3. Nc3 Nc6 4. Nf3 d6 5. e3 Be7 6. d4 0-0 7. Be2 exd4 8. exd4 d5 9. c5 Bg4 10. 0-0 Ne4 11. Be3 f5 12. Rc1 f4 13. Bd2 Kh8 14. Be1 Bf6 15. Qb3 Bxf3 16. gxf3 Nxd4 17. Qxb7 Nxc3 18. Bxc3 Nxe2+ 0-1

[Event "Titled Tuesday intern op 16th Feb"]
[Site "Chess.com INT"]
[Date "2021.02.16"]
[Round "3"]
[White "Wiebe, Isaac"]
[Black "Suvorov, Luca"]
[Result "1-0"]
[WhiteElo "1997"]
[BlackElo "2279"]
[PlyCount "57"]
[EventDate "2021.02.16"]
[EventType "swiss (blitz)"]
[EventRounds "11"]
[EventCountry "USA"]
[SourceTitle "EXT 2022"]
[Source "ChessBase"]
[SourceDate "2021.10.06"]
[SourceVersion "1"]
[SourceVersionDate "2021.10.06"]
[SourceQuality "1"]

1. b3 Nf6 2. Bb2 d6 3. c4 Nbd7 4. g3 g6 5. Bg2 Bg7 6. Nf3 0-0 7. 0-0 c6 8. d3 e5 9. Nbd2 Qe7 10. Rc1 b6 11. Qc2 Bb7 12. Rfd1 Rac8 13. Qb1 c5 14. Ne4 Nxe4 15. dxe4 f5 16. exf5 gxf5 17. Nh4 Bxg2 18. Kxg2 Qe6 19. Qd3 e4 20. Qxd6 Qxd6 21. Rxd6 Bxb2 22. Rc2 Bf6 23. Rxd7 Bxh4 24. gxh4 Rf7 25. Rcd2 Rcf8 26. e3 Kg7 27. Kg3 Kf6 28. Kf4 Ke6 29. R2d6# 1-0

[Event "Titled Tuesday intern op 06th Oct"]
[Site "Chess.com INT"]
[Date "2020.10.06"]
[Round "4"]
[White "Orantes Taboada, Francisco"]
[Black "Wiebe, Isaac"]
[Result "1-0"]
[WhiteElo "2244"]
[BlackElo "1997"]
[PlyCount "105"]
[EventDate "2020.10.06"]
[EventType "swiss (blitz)"]
[EventRounds "10"]
[EventCountry "USA"]
[SourceTitle "CBM 198 Extra"]
[Source "ChessBase"]
[SourceDate "2020.11.30"]
[SourceVersion "1"]
[SourceVersionDate "2020.11.30"]
[SourceQuality "1"]

1. Nf3 Nf6 2. g3 g6 3. Bg2 Bg7 4. 0-0 0-0 5. d4 d5 6. c4 c6 7. Qb3 dxc4 8. Qxc4 Be6 9. Qa4 Nbd7 10. Nc3 Nb6 11. Qc2 Qc8 12. Rd1 Bh3 13. Bh1 Rd8 14. e4 Bg4 15. Be3 Nc4 16. Qe2 Nxe3 17. Qxe3 Nd7 18. Rd3 c5 19. dxc5 Qxc5 20. Rxd7 Qxe3 21. Rxd8+ Rxd8 22. fxe3 Bxc3 23. bxc3 Bxf3 24. Bxf3 Rd2 25. Rd1 Rxa2 26. Rd7 Rb2 27. Rxe7 a5 28. e5 a4 29. Rxb7 Rc2 30. Ra7 Rxc3 31. Rxa4 Rxe3 32. Be4 h5 33. Kf2 Rb3 34. Ra7 Rb2+ 35. Kf3 Rb5 36. Kf4 Kf8 37. h4 Rc5 38. Rb7 Ra5 39. Rd7 Rc5 40. Rd5 Rc1 41. Rb5 Rf1+ 42. Bf3 Kg7 43. Rb7 Re1 44. Bd5 Rf1+ 45. Ke4 Kf8 46. Rxf7+ Rxf7 47. Bxf7 Kxf7 48. Kf4 Ke6 49. Kg5 Kxe5 50. Kxg6 Ke4 51. Kxh5 Kf3 52. Kg6 Kxg3 53. h5 1-0